000 00546nam a22002297a 4500
003 UA-OsUOA
001 87390
007 ta
008 20120918b un ||||| |||| 00| 0 ukr d
100 _aЗинн Г.
090 _a94(73)
_bЗ-63
942 _cBK
040 _aUA-OsUOA
_brus
_cUA-OsUOA
_dUA-OsUOA
245 _aСША после второй мировой войны: 1945-1971
300 _a288 с.
955 _a2
041 _arus
080 _a94(73)
260 _aМ.
_bПрогрес
_c1977
650 7 _2UDC
999 _c373661
_d373661